Nennen Sie die 10 größten Städte der Ukraine - Statistiken

Allgemein
  • Dieses Quiz wurde 44 mal gespielt
  • Das Durchschnittsergebnis liegt bei 5 aus 10
Antwortstatistiken
Hint Antwort % Korrekt
K Kiew
97%
O Odessa
86%
C Charkiw
78%
D Donezk
76%
D Dnipro
57%
M Mariupol
43%
L Lemberg
41%
S Saporischschja
19%
M Mykolajiw
8%
K Kryvy Rih
0%
Keine übereinstimmenden Quizze gefunden
Verteilung der Resultate
Anzahl Personen mit jedem Resultat
Perzentil nach korrekt beantworteten Fragen
Ihre Resultats-Entwicklung
Sie haben dieses Quiz noch nicht gespielt